[Event "ZAM-ch op"]
[Site "Lusaka"]
[Date "2017.03.29"]
[Round "2"]
[White "Kabwe, Timothy"]
[Black "Siuluta, Arnold"]
[Result "1-0"]
[WhiteElo "2159"]
[BlackElo "2066"]
[PlyCount "105"]
[EventDate "2017.03.29"]
[EventType "swiss"]
[EventRounds "9"]
[EventCountry "ZAM"]
[SourceTitle "EXT 2018"]
[Source "ChessBase"]
[SourceDate "2017.10.13"]
[SourceVersion "1"]
[SourceVersionDate "2017.10.13"]
[SourceQuality "1"]

1. d4 Nf6 2. Nf3 e6 3. Bg5 d5 4. e3 Nbd7 5. Nbd2 Be7 6. Bd3 c5 7. c3 b6 8. 0-0 Bb7 9. Ne5 Nxe5 10. dxe5 Nd7 11. Bf4 0-0 12. Qh5 g6 13. Qh3 c4 14. Bc2 Nc5 15. Bh6 Re8 16. f4 f6 17. Nf3 Qc7 18. Rad1 Rab8 19. Nd4 Bc8 20. Qg3 Kh8 21. h4 Rg8 22. Qh2 b5 23. h5 f5 24. Rf3 g5 25. fxg5 Bxg5 26. Bxg5 Rxg5 27. Rg3 Qg7 28. h6 Qg6 29. Qh4 Rxg3 30. Qd8+ Qg8 31. Qf6+ Rg7 32. hxg7+ Qxg7 33. Qd8+ Qg8 34. Qe7 Na4 35. e4 fxe4 36. Bxa4 bxa4 37. Rf1 Rb7 38. Qc5 Rxb2 39. Rf8 Rxg2+ 40. Kf1 Rg1+ 41. Ke2 Rg2+ 42. Kd1 Bd7 43. Rxg8+ Rxg8 44. Qe7 Bc8 45. Qf6+ Rg7 46. Nxe6 Bxe6 47. Qxe6 Rg1+ 48. Ke2 Rg2+ 49. Kf1 Rg3 50. Qxd5 Kg7 51. Qd7+ Kf8 52. e6 Rf3+ 53. Ke2 1-0

[Event "ZAM-ch op"]
[Site "Lusaka"]
[Date "2017.03.29"]
[Round "1"]
[White "Siuluta, Arnold"]
[Black "Daka, Justin"]
[Result "0-1"]
[WhiteElo "2066"]
[BlackElo "2164"]
[PlyCount "54"]
[EventDate "2017.03.29"]
[EventType "swiss"]
[EventRounds "9"]
[EventCountry "ZAM"]
[SourceTitle "EXT 2018"]
[Source "ChessBase"]
[SourceDate "2017.10.13"]
[SourceVersion "1"]
[SourceVersionDate "2017.10.13"]
[SourceQuality "1"]

1. e4 c5 2. Nf3 d6 3. d4 cxd4 4. Nxd4 Nf6 5. Nc3 a6 6. Bc4 e6 7. Bb3 Be7 8. Be3 b5 9. 0-0 Bb7 10. Re1 Nc6 11. Nxc6 Bxc6 12. f3 0-0 13. Qd2 Qc7 14. Ne2 Rfd8 15. Nd4 d5 16. e5 Nd7 17. c3 Nb6 18. Bc2 Nc4 19. Qd3 g6 20. Bc1 Bc5 21. Kh1 b4 22. b3 Nxe5 23. Qe2 bxc3 24. Bf4 Bxd4 25. Rad1 Bb5 26. Bd3 Nxd3 27. Bxc7 Nf2+ 0-1

[Event "ZAM-ch"]
[Site "Lusaka"]
[Date "2017.02.09"]
[Round "1"]
[White "Phiri, Richmond"]
[Black "Siuluta, Arnold"]
[Result "1-0"]
[WhiteElo "2313"]
[BlackElo "2088"]
[PlyCount "91"]
[EventDate "2017.02.09"]
[EventType "tourn"]
[EventRounds "9"]
[EventCountry "ZAM"]
[SourceTitle "CBM 176 Extra"]
[Source "ChessBase"]
[SourceDate "2017.03.02"]
[SourceVersion "1"]
[SourceVersionDate "2017.03.02"]
[SourceQuality "1"]

1. d4 Nf6 2. Nf3 e6 3. Bf4 d5 4. e3 c5 5. c3 Nc6 6. Nbd2 Bd6 7. Bg3 Qe7 8. Ne5 0-0 9. Bd3 g6 10. Ndf3 Nd7 11. 0-0 f6 12. Nxc6 bxc6 13. e4 cxd4 14. Nxd4 Bb7 15. exd5 cxd5 16. Re1 Nc5 17. b4 Ne4 18. Bxe4 dxe4 19. Nf5 gxf5 20. Bxd6 Qg7 21. Bxf8 Rxf8 22. Qd6 Kh8 23. Re3 e5 24. Rg3 Qf7 25. c4 f4 26. Ra3 Rg8 27. Rxa7 Qg7 28. g3 e3 29. Rxb7 exf2+ 30. Kf1 Qxb7 31. Kxf2 fxg3+ 32. hxg3 Qg7 33. Rg1 Qa7+ 34. Kf1 Kg7 35. Rg2 Qe3 36. Qe7+ Kg6 37. Rf2 Qg5 38. c5 Rg7 39. Qe8+ Rf7 40. Qg8+ Rg7 41. Qe6 h5 42. c6 Rf7 43. b5 Qc1+ 44. Kg2 Qc5 45. a4 Kg7 46. Qb3 1-0